Music Quiz

Random Music or Album Quiz

Find the Albums! Quiz Stats

 Plays Quiz Updated Feb 7, 2018

Challenge
Share
Tweet
Score 0/16 Timer 03:00
11 Plays Today
% Correct
Bad
(Michael Jackson)
95.1%
The White Album
(The Beatles)
93.6%
The Dark Side
of the Moon
(Pink Floyd)
93.3%
Like a Prayer
(Madonna)
91.6%
Bridge over
Troubled Water
(Simon and
Garfunkel)
89.6%
Nevermind
(Nirvana)
89.1%
Rumours
(Fleetwood Mac)
85.8%
25
(Adele)
84.9%
% Correct
Bat Out of Hell
(Meat Loaf)
82.4%
Jagged Little Pill
(Alanis Morissette)
82.3%
Master of Puppets
(Metallica)
79.1%
The Slim Shady LP
(Eminem)
77.8%
Hybrid Theory
(Linkin Park)
73.7%
How to Dismantle
an Atomic Bomb (U2)
71.4%
Lemonade
(Beyoncé)
69.5%
Midnight Memories
(One Direction)
58.1%

You're not logged in!

Compare scores with friends on all Sporcle quizzes.
OR
Log In

You Might Also Like...

Show Comments

Extras

Top Quizzes Today


Score Distribution

Your Account Isn't Verified!

In order to create a playlist on Sporcle, you need to verify the email address you used during registration. Go to your Sporcle Settings to finish the process.

Report this User

Report this user for behavior that violates our Community Guidelines.

Details: